| 000 | 01426naa a22003257a 4500 | ||
|---|---|---|---|
| 001 | BR8802160 | ||
| 003 | BR-BrBNA | ||
| 005 | 20240918180002.0 | ||
| 007 | ta | ||
| 008 | 230509b bl.||||| |||| 00| 0 por d | ||
| 040 |
_aBR-BrBNA _bpor _cBiblioteca Nacional de Agricultura |
||
| 041 | _a(Pt) | ||
| 072 |
_aF61; F04; P35 _b3300 _b3862 _b3864 |
||
| 090 | _aF61 BR8802160 | ||
| 100 | 1 | _aMiranda, R.M. | |
| 100 | 1 | _aPaz, C.M. | |
| 100 | 1 | _aDonda, P.A. de L. | |
| 111 | 1 |
_a4. Congresso Brasileiro de Floricultura e Plantas Ornamentais _cRio de Janeiro, RJ (Brazil) _d3-8 Oct 1983 |
|
| 245 | 1 | _aEfeito do residuo de bio-digestor como componente de substratos para plantas envasadas [Cordyline terminalis] | |
| 260 | 3 |
_aBrasilia, DF (Brasil): _bEmpresa Brasileira de Pesquisa Agropecuaria, Departamento de Difusao de Tecnologia, _c1984. |
|
| 500 | _aAnais do 4. Congresso Brasileiro de Floricultura e Plantas Ornamentais Brasilia, DF (Brasil): Empresa Brasileira de Pesquisa Agropecuaria, Departamento de Difusao de Tecnologia, 1984. p. 215-222 (BR8802160-AM)F61 | ||
| 650 | _aPLANTA ORNAMENTAL | ||
| 650 | _aNUTRICAO VEGETAL | ||
| 650 | _aADUBACAO | ||
| 650 | _aBIODIGESTOR | ||
| 650 | _aRESIDUO ORGANICO | ||
| 773 | 0 |
_tAnais do 4. Congresso Brasileiro de Floricultura e Plantas Ornamentais _wF61 BR8802160 _gBrasilia, DF (Brasil), 1984. p. 215-222 |
|
| 909 |
_a202404 _bLucia _c55 _dLucia Elande |
||
| 942 |
_cAM _2AGRIS |
||
| 999 |
_c319123 _d319123 |
||